000 00437nam a22001577a 4500
005 20260311183618.0
008 260311b |||||||| |||| 00| 0 eng d
050 _aHG3542.7.4 ROH
100 _aRohtagi Anshu
245 _aRural Banking and Overdues Management/
_cAnshu Rohtagi
250 _a1st Ed.
260 _aNew Delhi
_bCyber Tech Publication
_c2010
500 _aIncludes Index
650 _2Banking
942 _2lcc
_cBK
_e1st Ed.
_n0
999 _c8958
_d8958